• 首页
  • 本馆介绍
  • 公告通知
  • 最新文献
  • 馆藏检索
  • 电子资源
  • 读者导购
  • 参考咨询
  • 我的图书馆
  • 登录
  • 详细信息显示
  • 放入我的书架
  • 预约/预借图书
  • 作者相关作品
  • 分类相关作品
  • 丛书相关作品
  • 出版社相关作品

书目信息

  • 表格格式
  • 工作单格式
  • 卡片格式
题名:
基督教与西方思想
    
 
作者: 威尔肯斯
分册:  
出版信息: 北京   北京大学出版社  
页数: 951
开本: 20cm
丛书名: 基督教文化译丛
单 册:
中图分类: B97
科图分类:
主题词: 基督教
电子资源:
ISBN: 7-301-08351-3
000 00559nam0 2200205 450
001 0757995392
005 20071007160635.39
010    @a7-301-08351-3
100    @a20071007d km y0chiy0120 ea
101 0  @achi
200 1  @a基督教与西方思想@Aji du jiao yu xi fang si xiang@f威尔肯斯@Fwei er ken si
210    @a北京@c北京大学出版社
215    @a951@d20cm
225 2  @a基督教文化译丛
410  0 @12001 @a基督教文化译丛
606 0  @a基督教
690    @aB97@v3
701  0 @a威尔肯斯@Awei er ken si
801  0 @aCN@bPFT@c20071007
905    @a213230@dB97@ea3@f1
    
    基督教与西方思想/威尔肯斯.-北京:北京大学出版社
    951;20cm.-(基督教文化译丛)
    
    
    ISBN 7-301-08351-3:
    
●
相关链接 在E读中查询图书 在五车中查询图书 在当当中查询图书 在豆瓣中查询图书


正题名:基督教与西方思想     索取号:B97/a3         预约/预借

序号 登录号 条形码 馆藏地/架位号 状态 备注
1 7507301   275073019   史法系资料室/ [索取号:B97/a3] 在馆    
唐山师范学院图书馆 欢迎您!
大连网信软件有限公司© 版权所有